For richer, for poorer : (Record no. 9388)

MARC details
000 -LEADER
fixed length control field 01189pam a2200373 a 4500
001 - CONTROL NUMBER
control field 3839768
003 - CONTROL NUMBER IDENTIFIER
control field OSt
005 - DATE AND TIME OF LATEST TRANSACTION
control field 20260427153845.0
008 - FIXED-LENGTH DATA ELEMENTS--GENERAL INFORMATION
fixed length control field 870415s1987 nyu b 001 0 eng
010 ## - LIBRARY OF CONGRESS CONTROL NUMBER
LC control number 87009150
020 ## - INTERNATIONAL STANDARD BOOK NUMBER
International Standard Book Number 0876090242 (pbk.) :
Terms of availability $9.95
020 ## - INTERNATIONAL STANDARD BOOK NUMBER
International Standard Book Number 0876090250 (hard) :
Terms of availability $19.50
020 ## - INTERNATIONAL STANDARD BOOK NUMBER
International Standard Book Number 9780876090244
020 ## - INTERNATIONAL STANDARD BOOK NUMBER
International Standard Book Number 9780876090251
035 ## - SYSTEM CONTROL NUMBER
System control number 3839768
040 ## - CATALOGING SOURCE
Original cataloging agency DLC
Transcribing agency DLC
Modifying agency DLC
043 ## - GEOGRAPHIC AREA CODE
Geographic area code n-us---
-- a-ja---
050 00 - LIBRARY OF CONGRESS CALL NUMBER
Classification number E183.8.J3
Item number F73 1987
082 00 - DEWEY DECIMAL CLASSIFICATION NUMBER
Classification number 303.482 730 52 FRO
Edition number 19
100 1# - MAIN ENTRY--PERSONAL NAME
Personal name Frost, Ellen L.
245 10 - TITLE STATEMENT
Title For richer, for poorer :
Remainder of title the new U.S.-Japan relationship /
Statement of responsibility, etc. Ellen L. Frost.
260 ## - PUBLICATION, DISTRIBUTION, ETC. (IMPRINT)
Place of publication, distribution, etc. New York, NY :
Name of publisher, distributor, etc. Council on Foreign Relations,
Date of publication, distribution, etc. c1987.
300 ## - PHYSICAL DESCRIPTION
Extent xiii, 198 p. ;
Dimensions 23 cm.
336 ## - CONTENT TYPE
Content type term text
Content type code txt
Source rdacontent
337 ## - MEDIA TYPE
Media type term unmediated
Media type code n
Source rdamedia
338 ## - CARRIER TYPE
Carrier type term volume
Carrier type code nc
Source rdacarrier
500 ## - GENERAL NOTE
General note Includes index.
504 ## - BIBLIOGRAPHY, ETC. NOTE
Bibliography, etc Bibliography: p. 181-185.
651 #0 - SUBJECT ADDED ENTRY--GEOGRAPHIC NAME
Geographic name United States
General subdivision Relations
Geographic subdivision Japan.
651 #0 - SUBJECT ADDED ENTRY--GEOGRAPHIC NAME
Geographic name Japan
General subdivision Relations
Geographic subdivision United States.
906 ## - LOCAL DATA ELEMENT F, LDF (RLIN)
a 7
b cbc
c orignew
d 1
e ocip
f 19
g y-gencatlg
942 ## - ADDED ENTRY ELEMENTS (KOHA)
Source of classification or shelving scheme Dewey Decimal Classification
Koha item type BOOKS
Holdings
Withdrawn status Lost status Source of classification or shelving scheme Damaged status Not for loan Home library Current library Shelving location Date acquired Total Checkouts Full call number Barcode Date last seen Price effective from Koha item type
    Dewey Decimal Classification     Dodoma Dodoma Ground Floor 27/04/2026   303.482 730 52 FRO LIB001852 27/04/2026 27/04/2026 BOOKS

IRDP © 2021 :: Managed by ICT Team